| 000 | 00541nam a2200241Ia 4500 | ||
|---|---|---|---|
| 008 | 190123s9999 xx 000 0 und d | ||
| 020 | _a9780545651424 | ||
| 050 | _bB512 2012 | ||
| 100 | _aBerk, Ari | ||
| 245 | 0 | _aNightsong / | |
| 245 | 0 | _cby Ari Berk. | |
| 260 | _aNew York, New York : | ||
| 260 | _bScholastic, | ||
| 260 | _c2012 | ||
| 300 | _aunpaged : | ||
| 300 | _bcolored illustrations ; | ||
| 300 | _c22cm. | ||
| 500 | _a790L | ||
| 650 | _aBat sounds. | ||
| 650 | _aBats. | ||
| 650 | _aSounds. | ||
| 700 | _aTitle. | ||
| 999 |
_c361121 _d361121 |
||